<?xml version="1.0" encoding="UTF-8"?>
<record
    xmlns:xsi="http://www.w3.org/2001/XMLSchema-instance"
    xsi:schemaLocation="http://www.loc.gov/MARC21/slim http://www.loc.gov/standards/marcxml/schema/MARC21slim.xsd"
    xmlns="http://www.loc.gov/MARC21/slim">

  <leader>00850nam a2200241 a 4500</leader>
  <controlfield tag="001">53810</controlfield>
  <controlfield tag="003">BD-RjUL</controlfield>
  <controlfield tag="005">20211209080026.0</controlfield>
  <controlfield tag="008">161026b1987    bg ||||| |||| 00| 0 ben d</controlfield>
  <datafield tag="020" ind1=" " ind2=" ">
    <subfield code="c">: TK 80.00 </subfield>
  </datafield>
  <datafield tag="035" ind1=" " ind2=" ">
    <subfield code="a">(BD-RjUL)53932</subfield>
  </datafield>
  <datafield tag="040" ind1=" " ind2=" ">
    <subfield code="a">BD-RjUL</subfield>
    <subfield code="b">ben</subfield>
    <subfield code="c">BD-RjUL</subfield>
  </datafield>
  <datafield tag="041" ind1=" " ind2=" ">
    <subfield code="a">ben</subfield>
  </datafield>
  <datafield tag="082" ind1=" " ind2=" ">
    <subfield code="a">519.5</subfield>
    <subfield code="b">AHA 1987 </subfield>
  </datafield>
  <datafield tag="100" ind1=" " ind2=" ">
    <subfield code="a">&#x986;&#x9B9;&#x9AE;&#x9A6;, &#x9B6;&#x9AB;&#x9BF;&#x989;&#x9A6;&#x9CD;&#x9A6;&#x9BF;&#x9A8; </subfield>
    <subfield code="9">118066</subfield>
  </datafield>
  <datafield tag="245" ind1="1" ind2="0">
    <subfield code="a">&#x986;&#x9A7;&#x9C1;&#x9A8;&#x9BF;&#x995; &#x9AA;&#x9B0;&#x9BF;&#x9B8;&#x982;&#x996;&#x9CD;&#x9AF;&#x9BE;&#x9A8; /</subfield>
    <subfield code="c">&#x9B6;&#x9AB;&#x9BF;&#x989;&#x9A6;&#x9CD;&#x9A6;&#x9BF;&#x9A8; &#x986;&#x9B9;&#x9AE;&#x9A6;</subfield>
  </datafield>
  <datafield tag="250" ind1=" " ind2=" ">
    <subfield code="a">&#x9E8;&#x9AF;&#x9BC; &#x9B8;&#x982;. </subfield>
  </datafield>
  <datafield tag="260" ind1=" " ind2=" ">
    <subfield code="a">&#x9A2;&#x9BE;&#x995;&#x9BE; :</subfield>
    <subfield code="b">&#x995;&#x9A5;&#x9BE; &#x995;&#x9BE;&#x9A8;&#x9A8;,</subfield>
    <subfield code="c">&#x9E7;&#x9EF;&#x9EE;&#x9ED; </subfield>
  </datafield>
  <datafield tag="300" ind1=" " ind2=" ">
    <subfield code="a">&#x9AC;&#x9BF;&#x9AD;&#x9BF;&#x9A8;&#x9CD;&#x9A8; &#x9AA;&#x9C3;. :</subfield>
    <subfield code="b">&#x99A;&#x9BF;&#x9A4;&#x9CD;&#x9B0; ;</subfield>
    <subfield code="c">&#x9E8;&#x9E7; &#x9B8;&#x9C7;&#x9AE;&#x9BF;.</subfield>
  </datafield>
  <datafield tag="650" ind1=" " ind2=" ">
    <subfield code="a">&#x997;&#x9BE;&#x9A3;&#x9BF;&#x9A4;&#x9BF;&#x995; &#x9AA;&#x9B0;&#x9BF;&#x9B8;&#x982;&#x996;&#x9CD;&#x9AF;&#x9BE;&#x9A8; </subfield>
    <subfield code="9">117077</subfield>
  </datafield>
  <datafield tag="650" ind1=" " ind2=" ">
    <subfield code="a">Mathematical Statistics</subfield>
    <subfield code="9">118067</subfield>
  </datafield>
  <datafield tag="942" ind1=" " ind2=" ">
    <subfield code="2">ddc</subfield>
    <subfield code="c">BK</subfield>
    <subfield code="0">1</subfield>
  </datafield>
  <datafield tag="999" ind1=" " ind2=" ">
    <subfield code="c">53810</subfield>
    <subfield code="d">53810</subfield>
  </datafield>
  <datafield tag="952" ind1=" " ind2=" ">
    <subfield code="0">0</subfield>
    <subfield code="1">0</subfield>
    <subfield code="2">ddc</subfield>
    <subfield code="4">0</subfield>
    <subfield code="7">0</subfield>
    <subfield code="8">NFIC</subfield>
    <subfield code="a">RUCL</subfield>
    <subfield code="b">RUCL</subfield>
    <subfield code="c">Stack</subfield>
    <subfield code="d">1979-11-22</subfield>
    <subfield code="e">shafiuddin ahmad. R.U. </subfield>
    <subfield code="g">50.00</subfield>
    <subfield code="l">0</subfield>
    <subfield code="o">B 519.5 AHA 1987</subfield>
    <subfield code="r">2016-10-26 00:00:00</subfield>
    <subfield code="t">C-2</subfield>
    <subfield code="w">2016-10-26</subfield>
    <subfield code="y">BK</subfield>
  </datafield>
  <datafield tag="952" ind1=" " ind2=" ">
    <subfield code="0">0</subfield>
    <subfield code="1">0</subfield>
    <subfield code="2">ddc</subfield>
    <subfield code="4">0</subfield>
    <subfield code="7">1</subfield>
    <subfield code="8">NFIC</subfield>
    <subfield code="a">RUCL</subfield>
    <subfield code="b">RUCL</subfield>
    <subfield code="c">Reading</subfield>
    <subfield code="d">1979-11-22</subfield>
    <subfield code="e">Statistics Dept. R.U. </subfield>
    <subfield code="g">50.00</subfield>
    <subfield code="l">0</subfield>
    <subfield code="o">B 519.5 AHA 1987</subfield>
    <subfield code="r">2017-04-19 00:00:00</subfield>
    <subfield code="t">C-1</subfield>
    <subfield code="w">2021-12-09</subfield>
    <subfield code="y">BK</subfield>
  </datafield>
</record>
